Memòria presentada per l'Institut d'Estudis Catalans als excel·lentíssims senyors President de la Diputació i Alcalde de Barcelona sobre la celebració del VIè centenari de la mort de Ramon Lull
Descripción Física:
13 p. ; 28 cm
MARC
| LEADER | 00000nam a2200000Ia 4500 | ||
|---|---|---|---|
| 001 | 11428 | ||
| 008 | 160829s9999 xx 000 0 cat d | ||
| 080 | |a RF-11-18 | ||
| 110 | 2 | |a Institut d'Estudis Catalans |9 52284 | |
| 245 | |a Memòria presentada per l'Institut d'Estudis Catalans als excel·lentíssims senyors President de la Diputació i Alcalde de Barcelona sobre la celebració del VIè centenari de la mort de Ramon Lull | ||
| 260 | |a Barcelona : |b [l'Institut], [1914?] | ||
| 300 | |a 13 p. ; |c 28 cm | ||
| 600 | 1 | 0 | |a Llull, Ramon, |d 1232 o 1233-1315 o 1316 |x Aniversaris, etc. |9 55524 |
| 856 | 4 | |u https://media.diba.cat/diba/fitxers/arxiu/fulletons/bib_11428_1914_baixa.pdf |y Accés lliure | |
| 856 | 4 | |u https://media.diba.cat/diba/fitxers/arxiu/fulletons/bib_11428_1914_baixa.pdf |y Accés lliure | |
| 856 | |y bib_11428_1914_baixa,pdf | ||
| 901 | |a Arxiu | ||
| 942 | |n 1 |2 udc | ||
| 952 | |0 0 |1 0 |4 0 |6 RF1118 |7 1 |9 48613 |a Arxiu |b Arxiu |d 2016-12-01 |l 0 |o RF-11-18 |p 11428 |r 2016-12-01 00:00:00 |w 2016-12-01 |y ARXIU | ||
| 999 | |c 52443 |d 52443 | ||